ბათუმის შოთა რუსთაველის სახელმწიფო უნივერსიტეტის ბიბლიოთეკა

ქართული ენა და მართლწერის ზოგიერთი საკითხი (ბიბ.ჩანაწერი № 52484)

000 -LEADER
fixed length control field 00777nam a2200217Ia 4500
001 - CONTROL NUMBER
control field 19507
003 - CONTROL NUMBER IDENTIFIER
control field GE_BSU
008 - FIXED-LENGTH DATA ELEMENTS--GENERAL INFORMATION
fixed length control field 181216s||||||||xx |||||||||||||| ||und||
040 ## - CATALOGING SOURCE
Transcribing agency GE_BSU
080 ## - UNIVERSAL DECIMAL CLASSIFICATION NUMBER
Universal Decimal Classification number 811.353.1'35
100 ## - MAIN ENTRY--PERSONAL NAME
Personal name თოფურია, ვარლამ
245 ## - TITLE STATEMENT
Title ქართული ენა და მართლწერის ზოგიერთი საკითხი
245 ## - TITLE STATEMENT
Statement of responsibility, etc. რედ.: გიორგი ახვლედიანი
260 ## - PUBLICATION, DISTRIBUTION, ETC.
Place of publication, distribution, etc. თბილისი
260 ## - PUBLICATION, DISTRIBUTION, ETC.
Name of publisher, distributor, etc. ნაკადული
260 ## - PUBLICATION, DISTRIBUTION, ETC.
Date of publication, distribution, etc. 1988
300 ## - PHYSICAL DESCRIPTION
Extent 95გვ;19სმ.
653 ## - INDEX TERM--UNCONTROLLED
Uncontrolled term ქართული ენის ორთოგრაფია; ქართული მართლწერა;
942 ## - ADDED ENTRY ELEMENTS (KOHA)
Koha item type წიგნი
ეგზემპლარები
Withdrawn status Lost status Damaged status Not for loan Date acquired Barcode Date last seen Price effective from Koha item type
        2018-12-17 48577 2018-12-17 2018-12-17 წიგნი
        2018-12-17 48578 2018-12-17 2018-12-17 წიგნი
        2018-12-17 48579 2018-12-17 2018-12-17 წიგნი
        2018-12-17 48580 2018-12-17 2018-12-17 წიგნი
        2018-12-17 48581 2018-12-17 2018-12-17 წიგნი